[Event "3rd London Chess Classic"]
[Site "London ENG"]
[Date "2011.12.11"]
[Round "8"]
[White "Nakamura,Hi"]
[Black "Short,N"]
[Result "1/2-1/2"]
[WhiteElo "2758"]
[BlackElo "2698"]

1.c4 e5 2.Nc3 d6 3.g3 g6 4.Bg2 Bg7 5.d3 f5 6.e3 Nf6 7.Nge2 a5 8.b3 c6 9.Bb2 Na6
10.Qd2 O-O 11.O-O Re8 12.h3 Be6 13.Rad1 Qc7 14.d4 Rad8 15.Na4 b6 16.Qc1 Bf7
17.Qa1 Rd7 18.Nac3 g5 19.d5 c5 20.e4 f4 21.g4 h5 22.f3 Bg6 23.Kf2 Bf8 24.Ke1 Rh7
25.Kd2 Qd7 26.Rh1 Nc7 27.Rdg1 Kf7 28.Qf1 Bh6 29.Nc1 Rb8 30.Nb5 Nxb5 31.cxb5 hxg4
32.hxg4 Bg7 33.Rxh7 Bxh7 34.a4 Rh8 35.Nd3 Qc7 36.Nf2 Nd7 37.Rh1 Bg6 38.Nh3 Qd8
39.Bc3 Bf6 40.Kc1 Kg7 41.Kb2 Bf7 42.Ka2 Nf8 43.Rg1 Ng6 44.Qd3 Rh6 45.Ka3 Qh8
46.Qf1 Bd8 47.Nf2 Bc7 48.Nd3 Rh2 49.Nb2 Nf8 50.Nc4 Nd7 51.Be1 Kf6 52.Qf2 Ke7
53.Rf1 Rh6 54.Qg1 Bg6 55.Ka2 Bf7 56.Rf2 Bg6 57.Rd2 Bf7 58.Bf2 Qb8 59.Qc1 Qa7
60.Rc2 Kf6 61.Bg1 Qa8 62.Nb2 Bd8 63.Bf1 Kg7 64.Nc4 Qb8 65.Bg2 Rh8 66.Bf2 Rh6
67.Be1 Rh8 68.Bc3 Rh6 69.Qe1 Qa7 70.Qg1 Qb8 71.Bf1 Bc7 72.Rh2 Rxh2+ 73.Qxh2 Qd8
74.Kb2 Bg6 75.Kc1 Bf7 76.Nb2 Qh8 77.Qg2 Qd8 78.Kd1 Qh8 79.Bd3 Qd8 80.Ke1 Bg6
81.Kf1 Kf7 82.Kg1 Kg7 83.Nc4 Bf7 84.Qh2 Bg6 85.Kf2 Bf7 86.Ke2 Bg6 87.Qh1 Bf7
88.Qh2 Bg6 89.Qh1 Bf7 90.Qh2  1/2-1/2

[Event "3rd London Chess Classic"]
[Site "London ENG"]
[Date "2011.12.12"]
[Round "9"]
[White "Nakamura,Hi"]
[Black "Adams,Mi"]
[Result "1-0"]
[WhiteElo "2758"]
[BlackElo "2734"]

1.e4 e5 2.f4 exf4 3.Nf3 d5 4.exd5 Nf6 5.Bc4 Nxd5 6.O-O Be6 7.Bb3 c5 8.Kh1 Nc6
9.d4 c4 10.Ba4 Bd6 11.b3 c3 12.Qd3 O-O 13.Bxc6 bxc6 14.Nxc3 Re8 15.Nxd5 Bxd5
16.c4 Be4 17.Qc3 a5 18.a3 f6 19.Bb2 Ra7 20.Rad1 Rae7 21.b4 axb4 22.axb4 Kh8
23.Qb3 Rb7 24.Bc3 Qb8 25.b5 cxb5 26.c5 b4 27.Bd2 Bf8 28.Rde1 g5 29.Qc4 g4
30.Nh4 f3 31.d5 fxg2+ 32.Nxg2 Bf3 33.Kg1 Rc8 34.c6 Rb5 35.Nf4 Bc5+ 36.Be3 Bxe3+
37.Rxe3 Qb6 38.Re1 b3 39.Qc3 Rf8 40.Ne6 b2 41.c7  1-0

[Event "54th Reggio Emilia"]
[Site "Reggio Emilia ITA"]
[Date "2011.12.28"]
[Round "2"]
[White "Nakamura,Hi"]
[Black "Caruana,F"]
[Result "1/2-1/2"]
[WhiteElo "2758"]
[BlackElo "2727"]

1.c4 Nf6 2.Nc3 e5 3.g3 Bb4 4.Nf3 Qe7 5.Bg2 O-O 6.O-O c6 7.e4 d6 8.d3 a6 9.Qb3 Bc5
10.Na4 Ba7 11.Nb6 Bxb6 12.Qxb6 c5 13.Ne1 Bg4 14.f3 Be6 15.Bg5 Nbd7 16.Qa5 h6
17.Bd2 Nb8 18.Nc2 Nc6 19.Qc3 b5 20.Ne3 Nd4 21.Rae1 Rab8 22.Qc1 bxc4 23.dxc4 Qd7
24.Rf2 Rfe8 25.Bc3 a5 26.Qd1 a4 27.Bf1 Ra8 28.Bd3 Kh8 29.Kh1 Qb7 30.h4 Rf8
31.Kh2 Qd7 32.Ref1 Rae8 33.a3 Ra8 34.Qd2 Nb3 35.Qd1 Nd4 36.Rg1 Rae8 37.Qf1 Qd8
38.Qd1 Qd7 39.Nd5 Bxd5 40.cxd5 Rc8 41.Re1 Ra8 42.Bf1 Qe7 43.Bd3  1/2-1/2

[Event "54th Reggio Emilia"]
[Site "Reggio Emilia ITA"]
[Date "2011.12.29"]
[Round "3"]
[White "Morozevich,A"]
[Black "Nakamura,Hi"]
[Result "1/2-1/2"]
[WhiteElo "2762"]
[BlackElo "2758"]

1.d4 d5 2.c4 e6 3.Nc3 Be7 4.Nf3 Nf6 5.cxd5 exd5 6.Qc2 c6 7.h3 O-O 8.Bf4 Bd6
9.Bxd6 Qxd6 10.e3 b6 11.Rc1 Bb7 12.Be2 Nbd7 13.O-O c5 14.dxc5 Nxc5 15.Rfd1 Rac8
16.Qf5 Rfd8 17.Qe5 Qxe5 18.Nxe5 a5 19.Bg4 Nxg4 20.hxg4 Ne6 21.Ne2 Rxc1 22.Rxc1 d4
23.Nxd4 Nxd4 24.exd4 f6  1/2-1/2

[Event "54th Reggio Emilia"]
[Site "Reggio Emilia ITA"]
[Date "2011.12.30"]
[Round "4"]
[White "Giri,A"]
[Black "Nakamura,Hi"]
[Result "0-1"]
[WhiteElo "2714"]
[BlackElo "2758"]

1.d4 Nf6 2.c4 g6 3.Nc3 Bg7 4.e4 d6 5.Nf3 O-O 6.Be2 e5 7.O-O Nc6 8.d5 Ne7
9.Ne1 Nd7 10.f3 f5 11.Be3 f4 12.Bf2 g5 13.Rc1 Ng6 14.Nb5 b6 15.b4 a6 16.Nc3 Rf7
17.Nd3 h5 18.c5 Bf8 19.cxb6 cxb6 20.b5 a5 21.Na4 Nc5 22.Ndxc5 dxc5 23.d6 Be6
24.Bxc5 bxc5 25.Nxc5 Bxa2 26.Qa4 Bxd6 27.Qxa2 Bxc5+ 28.Kh1 Bd4 29.Bc4 Ra7
30.Bxf7+ Rxf7 31.Qd5 Qxd5 32.exd5 Ne7 33.d6 Nf5 34.Rc8+ Kg7 35.Rc6 a4 36.Rfc1 a3
37.Ra6 a2 38.Rxa2 Nxd6 39.b6 Bxb6 40.Rc6 Rc7 41.Rxc7+ Bxc7 42.Ra7 Ne8 43.g3 Kg6
44.Kg2 Bd6 45.Ra6 Kf5 46.Rc6 g4 47.gxf4 exf4 48.fxg4+ hxg4 49.h3 g3 50.Kf3 Be5
51.Rh6 Ng7 52.h4 Ne6 53.Rh5+ Kf6 54.Kg2 Nd4 55.Kh3 f3 56.Rh8 g2 57.Rg8 Ne2
58.Rg6+ Kxg6 59.h5+ Kg5  0-1

[Event "54th Reggio Emilia"]
[Site "Reggio Emilia ITA"]
[Date "2011.12.31"]
[Round "5"]
[White "Nakamura,Hi"]
[Black "Ivanchuk,V"]
[Result "1-0"]
[WhiteElo "2758"]
[BlackElo "2775"]

1.c4 Nf6 2.Nc3 e5 3.g3 Bb4 4.Nf3 Bxc3 5.bxc3 d6 6.Bg2 O-O 7.O-O Re8 8.Ne1 c6
9.d3 h6 10.Rb1 d5 11.Qb3 b6 12.cxd5 cxd5 13.Nc2 Nc6 14.h3 Bb7 15.Nb4 Na5
16.Qb2 d4 17.c4 Rc8 18.Bxb7 Nxb7 19.e4 dxe3 20.Bxe3 Qd7 21.Kh2 Nd6 22.Rbc1 Nf5
23.Rfd1 h5 24.Qe2 h4 25.Nc2 b5 26.Qf3 bxc4 27.dxc4 hxg3+ 28.fxg3 Qe6 29.c5 Red8
30.Bf2 e4 31.Qb3 Qe5 32.Ne3 Rxd1 33.Qxd1 Rxc5 34.Nc4 Qc7 35.Bxc5 Qxg3+ 36.Kh1 Qxh3+
37.Kg1 Qg3+ 38.Kf1 Ng4 39.Qd8+ Kh7 40.Qd5 Qf3+ 41.Ke1 Ng3 42.Rc2 f5 43.Kd2 Nf6
44.Qd8 Ne2 45.Ke1 f4 46.Rxe2 Qc3+ 47.Kd1 Qxc4 48.Qd4 Qb5 49.Rh2+ Kg6 50.Kc2 a5
51.Be7 Qc6+ 52.Qc5 Qa4+ 53.Kc1 f3 54.Bxf6 Kxf6 55.Rd2 g6 56.Rd6+ Kg7 57.Rd8  1-0

[Event "54th Reggio Emilia"]
[Site "Reggio Emilia ITA"]
[Date "2012.01.02"]
[Round "6"]
[White "Nakamura,Hi"]
[Black "Vitiugov,N"]
[Result "1-0"]
[WhiteElo "2758"]
[BlackElo "2729"]

1.e4 e6 2.d4 d5 3.Nc3 Nf6 4.e5 Nfd7 5.f4 c5 6.Nf3 Nc6 7.Be3 Be7 8.Qd2 O-O
9.dxc5 Nxc5 10.O-O-O Qc7 11.Kb1 b6 12.Bb5 Bb7 13.h4 Na5 14.Bd4 Rac8 15.Ng5 Nc4
16.Qe2 h6 17.Bxc4 dxc4 18.Bxc5 Bxc5 19.Nge4 Bb4 20.Nd6 Rcd8 21.Rh3 Bxd6 22.Nb5 Qc6
23.Nxd6 Qxg2 24.Qe3 Be4 25.Rc1 f5 26.Rg3 Qh2 27.Qg1 Qxg1 28.Rcxg1 Rd7 29.Rg6 Re7
30.Rxh6 c3 31.bxc3 Bf3 32.Rhg6 Bg4 33.Rg5 Kh7 34.h5 Kh6 35.Rh1 Rd8 36.c4 Bf3
37.Rh2 Bg4 38.Kb2 Rb8 39.Kc3 Rd8 40.Kd4 Rb8 41.Ke3 Kh7 42.Kf2 Rh8 43.Kg3 Kg8
44.h6 Rh7 45.Rg6 Bd1 46.c3 Bg4 47.Kf2 Kf8 48.Ke3 gxh6 49.Rhxh6 Rxh6 50.Rxh6 Kg7
51.Rh2 Rd7 52.Kd4 Bf3 53.Rh3 Bg4 54.Rh1 Bf3 55.Rg1+ Bg4 56.c5 bxc5+ 57.Kxc5 Rc7+
58.Kb4 Rc6 59.Nb5 Kf8 60.a4 a5+ 61.Kxa5 Rc4 62.Nd4 Rxc3 63.Rb1 Rc8 64.Rb6 Kf7
65.Nxe6 Rc4 66.Ng5+  1-0

[Event "54th Reggio Emilia"]
[Site "Reggio Emilia ITA"]
[Date "2012.01.03"]
[Round "7"]
[White "Caruana,F"]
[Black "Nakamura,Hi"]
[Result "1/2-1/2"]
[WhiteElo "2727"]
[BlackElo "2758"]

1.e4 c5 2.Nf3 e6 3.d4 cxd4 4.Nxd4 a6 5.Bd3 Nf6 6.O-O e5 7.Bg5 h6 8.Bxf6 Qxf6
9.Nf5 g6 10.Ne3 Bc5 11.Nd5 Qd8 12.b4 Ba7 13.a4 d6 14.a5 Be6 15.Bc4 O-O 16.Qd3 Nc6
17.c3 Ne7 18.Nd2 Rc8 19.Rac1 Kg7 20.Kh1 Nxd5 21.Bxd5 Qe7  1/2-1/2

[Event "54th Reggio Emilia"]
[Site "Reggio Emilia ITA"]
[Date "2012.01.04"]
[Round "8"]
[White "Nakamura,Hi"]
[Black "Morozevich,A"]
[Result "0-1"]
[WhiteElo "2758"]
[BlackElo "2762"]

1.e4 e6 2.d4 d5 3.Nc3 Nf6 4.e5 Nfd7 5.f4 c5 6.Nf3 Qb6 7.Be3 Nc6 8.Qd2 Qxb2
9.Rb1 Qa3 10.f5 a6 11.fxe6 fxe6 12.Be2 Be7 13.O-O O-O 14.Kh1 cxd4 15.Nxd4 Ndxe5
16.Rb3 Rxf1+ 17.Bxf1 Qd6 18.Nxc6 Nxc6 19.Na4 b5 20.Nb6 Rb8 21.Bf4 e5 22.Nxc8 Rxc8
23.Bg3 Qe6 24.Rb1 e4 25.a4 bxa4 26.Bxa6 Rf8 27.c3 a3 28.Be2 Bd6 29.Bh4 Rb8
30.Rxb8+ Bxb8 31.Qa2 Qd6 32.Bg3 Qc5  0-1

[Event "54th Reggio Emilia"]
[Site "Reggio Emilia ITA"]
[Date "2012.01.05"]
[Round "9"]
[White "Nakamura,Hi"]
[Black "Giri,A"]
[Result "0-1"]
[WhiteElo "2758"]
[BlackElo "2714"]

1.e4 e5 2.Nf3 Nf6 3.Nxe5 d6 4.Nf3 Nxe4 5.Nc3 Nxc3 6.dxc3 Be7 7.Be3 Nd7 8.Qd2 O-O
9.O-O-O c6 10.h4 Re8 11.Bd3 d5 12.Ng5 Nf8 13.h5 Bf6 14.Nf3 Bg4 15.Rde1 Bxf3
16.gxf3 Ne6 17.f4 h6 18.a3 Qa5 19.Qd1 Nc5 20.Bf5 Na4 21.Qd3 Nc5 22.Qd1 Qb5
23.Qe2 Qa4 24.Qd1 Ne4 25.Bxe4 Rxe4 26.Rhg1 Rae8 27.Rg3 Kh8 28.Reg1 Qc4 29.Kb1 c5
30.Qd3 b6 31.Qxc4 Rxc4 32.Rd1 d4 33.cxd4 cxd4 34.b3 dxe3 35.bxc4 exf2 36.Rf3 Re1
37.Kc1 Bd4 38.c3 Be3+ 39.Kc2 f5 40.a4 a5 41.c5 Bxc5  0-1

[Event "74th Tata Steel GMA"]
[Site "Wijk aan Zee NED"]
[Date "2012.01.14"]
[Round "1"]
[White "Nakamura,Hi"]
[Black "Ivanchuk,V"]
[Result "1/2-1/2"]
[WhiteElo "2759"]
[BlackElo "2766"]

1.c4 c6 2.d4 d5 3.Nf3 e6 4.Nc3 dxc4 5.g3 b5 6.Bg2 Bb7 7.Ne5 Qc8 8.O-O Nd7
9.b3 b4 10.Ne4 Nxe5 11.dxe5 c3 12.Qd3 a5 13.Be3 f5 14.exf6 Nxf6 15.Nxf6+ gxf6
16.Bf3 Kf7 17.Rfd1 h5 18.a4 Rb8 19.Ba7 Ra8 20.Be3 Rb8 21.Ba7 Ra8  1/2-1/2

[Event "74th Tata Steel GMA"]
[Site "Wijk aan Zee NED"]
[Date "2012.01.15"]
[Round "2"]
[White "Aronian,L"]
[Black "Nakamura,Hi"]
[Result "1-0"]
[WhiteElo "2805"]
[BlackElo "2759"]

1.d4 f5 2.g3 Nf6 3.Bg2 g6 4.Nf3 Bg7 5.O-O O-O 6.c4 d6 7.Nc3 c6 8.Qb3 Kh8
9.Rd1 Na6 10.Qa3 Nc7 11.d5 c5 12.b4 cxb4 13.Qxb4 Na6 14.Qb1 Bd7 15.Nb5 Rc8
16.Nd2 Qb6 17.e3 Nc5 18.a4 Qa5 19.Ba3 a6 20.Bb4 Qd8 21.Nd4 Nxa4 22.Ne6 Bxe6
23.dxe6 Qe8 24.Bxb7 Rb8 25.Bxa6 Nc3 26.Bxc3 Rxb1 27.Rdxb1 g5 28.Rb7 Ng8 29.Bxg7+ Kxg7
30.Rb5 Qg6 31.c5 dxc5 32.Rxc5 Qxe6 33.Nf3 Qd6 34.Nd4 Kh8 35.Rc6 Qd7 36.Rac1 f4
37.Bc8 Qa7 38.Ne6 Rf6 39.exf4 gxf4 40.Rc7 Qa4 41.Nxf4 Rd6 42.Be6 Rd1+ 43.Rxd1 Qxd1+
44.Kg2 Nf6 45.Rxe7 Qe1 46.Rf7 Qe4+ 47.f3 Qd4 48.Kh3 Qe5 49.Kh4 Qd4 50.Bg4 Qe5
51.Ne6 h6 52.Rf8+ Ng8 53.f4 Qb2 54.Kh3 Qa1 55.Bh5 Kh7 56.Rf7+ Kh8 57.Bg6 Nf6
58.Rf8+ Ng8 59.Bf7  1-0

[Event "74th Tata Steel GMA"]
[Site "Wijk aan Zee NED"]
[Date "2012.01.17"]
[Round "4"]
[White "Giri,A"]
[Black "Nakamura,Hi"]
[Result "1/2-1/2"]
[WhiteElo "2714"]
[BlackElo "2759"]

1.e4 c5 2.Nf3 d6 3.d4 cxd4 4.Nxd4 Nf6 5.Nc3 g6 6.Be3 Bg7 7.f3 Nc6 8.Qd2 O-O
9.Bc4 Nxd4 10.Bxd4 Be6 11.Bb3 Qa5 12.O-O-O Rfc8 13.Kb1 b5 14.Bxf6 Bxf6 15.Nd5 Qxd2
16.Nxf6+ Kg7 17.Nh5+ gxh5 18.Rxd2 Rc5  1/2-1/2

[Event "74th Tata Steel GMA"]
[Site "Wijk aan Zee NED"]
[Date "2012.01.19"]
[Round "5"]
[White "Nakamura,Hi"]
[Black "Navara,D"]
[Result "1-0"]
[WhiteElo "2759"]
[BlackElo "2712"]

1.c4 e5 2.Nc3 Nf6 3.g3 d5 4.cxd5 Nxd5 5.Bg2 Nb6 6.e3 c5 7.Nge2 Nc6 8.O-O Be7
9.f4 exf4 10.Nxf4 O-O 11.b3 Bf5 12.Bb2 Qd7 13.Ne4 Rad8 14.Rf2 Nb4 15.Qf1 Bxe4
16.Bxe4 N6d5 17.Nh5 g6 18.a3 Na6 19.Bxd5 Qxd5 20.Bf6 Qd6 21.Bxe7 Qxe7 22.Nf6+ Kg7
23.Qc4 Qe5 24.Raf1 h5 25.Nxh5+ Qxh5 26.Rxf7+ Rxf7 27.Rxf7+ Kh6 28.Qf4+ g5
29.Qf6+ Qg6 30.Qf1 Qh5 31.Rxb7 c4 32.Qf6+ Qg6 33.Qxd8 Qb1+ 34.Kf2  1-0

[Event "74th Tata Steel GMA"]
[Site "Wijk aan Zee NED"]
[Date "2012.01.20"]
[Round "6"]
[White "Gelfand,B"]
[Black "Nakamura,Hi"]
[Result "0-1"]
[WhiteElo "2739"]
[BlackElo "2759"]

1.d4 f5 2.g3 Nf6 3.Bg2 g6 4.c4 Bg7 5.Nc3 O-O 6.Nf3 d6 7.O-O c6 8.d5 e5 9.dxe6 Bxe6
10.b3 Re8 11.Bb2 Na6 12.Ng5 Qe7 13.Nxe6 Qxe6 14.Qc2 Nc5 15.Rad1 Rad8 16.e3 Nce4
17.Nxe4 fxe4 18.Rd2 d5 19.cxd5 cxd5 20.Qc5 b6 21.Qb5 Nh5 22.Ba3 Bf8 23.Bb2 Bg7
24.Ba3 Be5 25.Rc1 Nf6 26.Rdc2 d4 27.Rc6 Qf5 28.exd4 Bxd4 29.Qxf5 gxf5 30.Bh3 e3
31.Bxf5 exf2+ 32.Kf1 Be3 33.Rb1 Ne4 34.Bxe4 Rxe4 35.Rc2 Red4  0-1

[Event "74th Tata Steel GMA"]
[Site "Wijk aan Zee NED"]
[Date "2012.01.21"]
[Round "7"]
[White "Nakamura,Hi"]
[Black "Radjabov,T"]
[Result "1/2-1/2"]
[WhiteElo "2759"]
[BlackElo "2773"]

1.e4 c5 2.Nf3 Nc6 3.d4 cxd4 4.Nxd4 Nf6 5.Nc3 e5 6.Ndb5 d6 7.Bg5 a6 8.Na3 b5
9.Bxf6 gxf6 10.Nd5 Bg7 11.Bd3 Ne7 12.Nxe7 Qxe7 13.O-O O-O 14.c4 f5 15.Qf3 Qb7
16.Qe2 b4 17.Nc2 f4 18.b3 Be6 19.Qd2 Rfb8 20.a3 bxa3 21.Rxa3 Bf6 22.Kh1 Kh8
23.Rfa1 a5 24.Be2 Be7 25.Bf3 Bd7 26.Bh5 Be6 27.Bf3 Bd7 28.Bh5 Be6  1/2-1/2

[Event "74th Tata Steel GMA"]
[Site "Wijk aan Zee NED"]
[Date "2012.01.24"]
[Round "9"]
[White "Nakamura,Hi"]
[Black "Topalov,V"]
[Result "1/2-1/2"]
[WhiteElo "2759"]
[BlackElo "2770"]

1.c4 e5 2.Nc3 Nf6 3.g3 c6 4.Nf3 e4 5.Nd4 Qb6 6.Nb3 a5 7.d3 a4 8.Nd2 exd3
9.exd3 Bc5 10.Qe2+ Kd8 11.Nde4 Re8 12.Be3 Bxe3 13.fxe3 a3 14.Rb1 d5 15.c5 Qb4
16.Nxf6 gxf6 17.Qd2 axb2 18.Nd1 Qxc5 19.d4 Qd6 20.Rxb2 b5 21.Bd3 Bh3 22.Nc3 Nd7
23.Kf2 Nb6 24.a4 Nxa4 25.Ra1 Re7 26.Rba2 Rea7 27.Qc2 h6 28.Nxa4 bxa4 29.Rxa4 Rxa4
30.Rxa4 Rxa4 31.Qxa4 Ke7 32.Qa7+ Kf8 33.Qc5 Qxc5 34.dxc5 Bg4 35.Bc2 Ke7 36.Ba4 Kd7
37.Ke1 Bf5  1/2-1/2

[Event "74th Tata Steel GMA"]
[Site "Wijk aan Zee NED"]
[Date "2012.01.25"]
[Round "10"]
[White "Nakamura,Hi"]
[Black "Carlsen,M"]
[Result "1/2-1/2"]
[WhiteElo "2759"]
[BlackElo "2835"]

1.Nf3 d5 2.d4 Nf6 3.c4 c6 4.Nc3 a6 5.a4 e6 6.Bf4 Be7 7.e3 Nh5 8.Bd3 Nxf4
9.exf4 a5 10.O-O Na6 11.Rc1 Nb4 12.b3 O-O 13.Bb1 Bf6 14.Re1 b6 15.cxd5 cxd5
16.Na2 Nxa2 17.Bxa2 Ba6 18.Bb1 g6 19.Bd3 Bxd3 20.Qxd3 Rc8 21.g3  1/2-1/2

[Event "74th Tata Steel GMA"]
[Site "Wijk aan Zee NED"]
[Date "2012.01.27"]
[Round "11"]
[White "Kamsky,G"]
[Black "Nakamura,Hi"]
[Result "1/2-1/2"]
[WhiteElo "2732"]
[BlackElo "2759"]

1.e4 c5 2.Nf3 d6 3.d4 cxd4 4.Nxd4 Nf6 5.Nc3 g6 6.Be3 Bg7 7.f3 O-O 8.Qd2 Nc6
9.O-O-O d5 10.exd5 Nxd5 11.Nxc6 bxc6 12.Bd4 Bxd4 13.Qxd4 Qb6 14.Na4 Qc7 15.Bc4 Rb8
16.Rhe1 Rb4 17.b3 Qxh2 18.a3 Rb7 19.Nc5 Rc7 20.g4 Qf4+ 21.Qxf4 Nxf4 22.b4 Kg7
23.Ba6 Ne6 24.Nxe6+ Bxe6 25.Re5 Rh8 26.Rc5 h5 27.Be2 Rd7 28.Rh1 hxg4 29.Rxh8 Kxh8
30.fxg4 Bd5 31.b5 Rd6 32.c4 Bg2 33.a4 Kg7 34.a5 cxb5 35.cxb5 Rd7 36.Bc4 e6
37.Kc2 Kf6 38.g5+ Ke7 39.Kc3 Kd6 40.Kb4 Re7 41.Rc8 Rb7 42.a6 Rd7 43.Bb3 Rc7
44.Rxc7 Kxc7  1/2-1/2

[Event "74th Tata Steel GMA"]
[Site "Wijk aan Zee NED"]
[Date "2012.01.28"]
[Round "12"]
[White "Nakamura,Hi"]
[Black "Van Wely,L"]
[Result "1-0"]
[WhiteElo "2759"]
[BlackElo "2692"]

1.e4 c5 2.Nf3 Nc6 3.d4 cxd4 4.Nxd4 Nf6 5.Nc3 e5 6.Ndb5 d6 7.Bg5 a6 8.Na3 b5
9.Nd5 Be7 10.Bxf6 Bxf6 11.c4 b4 12.Nc2 Rb8 13.b3 Bg5 14.g3 O-O 15.Bg2 a5
16.O-O Ne7 17.h4 Bh6 18.Nxe7+ Qxe7 19.Qd5 Qc7 20.Rad1 Rd8 21.Kh2 Bg4 22.Rde1 Bd7
23.Qd3 Qc5 24.Rd1 Bc6 25.Qe2 Ra8 26.Ne1 Qb6 27.Nd3 Qb7 28.Rfe1 g6 29.f3 Bg7
30.Nf2 h5 31.Rd3 Bh6 32.Red1 Qe7 33.Nh3 Rd7 34.Qf2 Rb8 35.Ng5 Bxg5 36.hxg5 Qxg5
37.Bh3 Rc7 38.Rxd6 Kg7 39.f4 exf4 40.gxf4 Qe7 41.e5 a4 42.e6 axb3 43.axb3 Be8
44.f5 g5 45.Qd4+ f6 46.Bg2 h4 47.c5 Rbc8 48.c6 Rxc6 49.Bxc6 Rxc6 50.Rxc6 Bxc6
51.Qb6 Be8 52.Rc1 Kh6 53.Rc7 Qf8 54.Qd4 g4 55.Qf4+  1-0

[Event "74th Tata Steel GMA"]
[Site "Wijk aan Zee NED"]
[Date "2012.01.29"]
[Round "13"]
[White "Gashimov,V"]
[Black "Nakamura,Hi"]
[Result "1/2-1/2"]
[WhiteElo "2761"]
[BlackElo "2759"]

1.e4 c5 2.Nc3 e6 3.Nf3 a6 4.d4 cxd4 5.Nxd4 b5 6.Bd3 Bb7 7.O-O Nc6 8.Nxc6 Bxc6
9.Re1 Qb8 10.Qe2 Bd6 11.e5 Bc7  1/2-1/2

[Event "6th Grand Pacific Open 2012"]
[Site "Victoria BC CAN"]
[Date "2012.04.09"]
[Round "6"]
[White "Haynes,N"]
[Black "Nakamura,Hi"]
[Result "0-1"]
[WhiteElo "2192"]
[BlackElo "2771"]

1.d4 d5 2.Nf3 c5 3.dxc5 Nc6 4.c4 e6 5.e3 Bxc5 6.Be2 Nf6 7.O-O O-O 8.a3 a5
9.b3 Qe7 10.Nc3 Rd8 11.cxd5 exd5 12.Nb5 Bg4 13.Bb2 Rac8 14.Nfd4 Bd7 15.Bf3 Ne5
16.Nc3 Nxf3+ 17.Qxf3 Qe5 18.Qg3 Qh5 19.Nde2 Qh6 20.h4 Bg4 21.Nf4 d4 22.Ncd5 Nxd5
23.Nxd5 Be6 24.Nf4 dxe3 25.fxe3 Bxb3 26.Bd4 Rxd4 27.exd4 Bxd4+ 28.Kh2 Bxa1
29.Rxa1 a4 30.Re1 Qd6 31.Qg4 Be6 32.Rd1 Bxg4 33.Rxd6 b5 34.Nd5 Kf8 35.Rb6 Bd7
36.Kg3 f6 37.Kf4 Rc4+ 38.Ke3 Rxh4 39.Rb8+ Kf7 40.Rb7 Ke6 41.Nc7+ Kd6  0-1

[Event "TCh-ITA 2012"]
[Site "Arvier ITA"]
[Date "2012.04.28"]
[Round "2"]
[White "David,Alb"]
[Black "Nakamura,Hi"]
[Result "0-1"]
[WhiteElo "2604"]
[BlackElo "2771"]

1.d4 e6 2.c4 f5 3.g3 Nf6 4.Bg2 Bb4+ 5.Nc3 O-O 6.Nf3 b6 7.Qb3 Bxc3+ 8.Qxc3 Bb7
9.b3 d6 10.O-O Qe7 11.Bb2 Nbd7 12.Rad1 Rae8 13.d5 e5 14.Nh4 g6 15.Nf3 Nh5
16.e3 h6 17.Nh4 Kh7 18.f4 e4 19.b4 Ra8 20.Rc1 a5 21.a3 Ndf6 22.Rfd1 axb4
23.axb4 b5 24.Bf1 bxc4 25.Bxc4 Qf7 26.Qd4 Ng7 27.Bb3 Nge8 28.Rc2 Nd7 29.h3 Ndf6
30.Rg2 Bc8 31.Rc2 g5 32.Ng2 Rg8 33.Rdc1 Nh5 34.fxg5 hxg5 35.g4 fxg4 36.Qxe4+ Bf5
37.Rf2 Ng3 38.Qxf5+ Qxf5 39.Rxf5 Nxf5 40.Bc2 gxh3 41.Bxf5+ Kh6 42.Ne1 g4
43.Rc4 Ra2 44.Nd3 Rg5 45.Rf4 Ng7 46.Be4 Rxb2 47.Nxb2 Nh5 48.Rf7 Re5 49.Bf5 Rxe3
50.Nd3 Kg5 51.Rf8 Rg3+  0-1

[Event "TCh-ITA 2012"]
[Site "Arvier ITA"]
[Date "2012.04.29"]
[Round "4"]
[White "Jones,G"]
[Black "Nakamura,Hi"]
[Result "1/2-1/2"]
[WhiteElo "2635"]
[BlackElo "2771"]

1.e4 c5 2.Nf3 a6 3.c3 e6 4.d4 d5 5.Nbd2 cxd4 6.cxd4 dxe4 7.Nxe4 Bd7 8.Bd3 Nf6
9.Nxf6+ gxf6 10.O-O Bc6 11.Bc4 Bd5 12.Qb3 Bxc4 13.Qxc4 Nc6 14.d5 Qxd5 15.Qxd5 exd5
16.Be3 O-O-O 17.Rac1 Bd6  1/2-1/2

[Event "ch-USA 2012"]
[Site "Saint Louis USA"]
[Date "2012.05.11"]
[Round "4"]
[White "Onischuk,Al"]
[Black "Nakamura,Hi"]
[Result "1/2-1/2"]
[WhiteElo "2660"]
[BlackElo "2775"]

1.d4 e6 2.c4 b6 3.Nc3 Bb7 4.e4 Bb4 5.f3 Ne7 6.Bd3 f5 7.Ne2 fxe4 8.fxe4 O-O
9.Be3 e5 10.d5 Na6 11.Qd2 Nc5 12.Bc2 Nc8 13.a3 Bxc3 14.Qxc3 Nd6 15.Ng3 a5
16.O-O-O a4 17.Nf5 Ncxe4 18.Bxe4 Nxf5 19.Bxf5 Rxf5 20.g4 Rf3 21.Qxe5 Qe8
22.Bd4 Qxe5 23.Bxe5 d6 24.Bc3 Ba6 25.Rd4 Re8 26.c5 bxc5 27.Rxa4 Bb5 28.Ra7 Rf7
29.Re1 Rc8 30.Re4 Kf8 31.Kd2 Bf1 32.Rea4 Ke7 33.Ra8 Kd7 34.Rxc8 Kxc8 35.Ra8+ Kb7
36.Rh8 g6 37.g5 Rf5 38.h4 Rf7 39.Bf6 Bg2 40.Re8 Bxd5 41.Re7 Rxe7  1/2-1/2

[Event "7th Tal Mem Blitz"]
[Site "Moscow RUS"]
[Date "2012.06.07"]
[Round "1"]
[White "Nakamura,Hi"]
[Black "Caruana,F"]
[Result "1-0"]
[WhiteElo "2775"]
[BlackElo "2770"]

1.d4 Nf6 2.Bg5 e6 3.Nd2 h6 4.Bh4 c5 5.e4 d5 6.e5 g5 7.Bg3 Nfd7 8.h4 g4 9.dxc5 h5
10.Ne2 Nc6 11.Nf4 Ndxe5 12.Nb3 Bd7 13.c3 Qf6 14.Bb5 a6 15.Ba4 Bh6 16.Nd3 Nxd3+
17.Qxd3 O-O 18.O-O Bf4 19.Rad1 Rad8 20.Qe2 Ne5 21.Bxd7 Rxd7 22.Nd4 Ng6 23.c6 bxc6
24.Nxc6 e5 25.Nb4 Rfd8 26.Qxa6 Rd6 27.Qb5 d4 28.cxd4 Rxd4 29.Rxd4 Rxd4 30.Nd5 Qd6
31.Nc3 Kg7 32.a4 e4 33.Bxf4 Nxf4 34.Qg5+ Kf8 35.Nb5 Ne2+ 36.Kh1  1-0

[Event "7th Tal Mem Blitz"]
[Site "Moscow RUS"]
[Date "2012.06.07"]
[Round "2"]
[White "Morozevich,A"]
[Black "Nakamura,Hi"]
[Result "1/2-1/2"]
[WhiteElo "2769"]
[BlackElo "2775"]

1.Nf3 e6 2.c4 b6 3.g3 Bb7 4.Bg2 f5 5.O-O Nf6 6.Nc3 Bb4 7.Qb3 Bxc3 8.bxc3 O-O
9.a4 Nc6 10.d3 Rb8 11.Ba3 Re8 12.c5 bxc5 13.Bxc5 Ne5 14.Bxa7 Bxf3 15.Qxb8 Qxb8
16.Bxb8 Bxg2 17.Rfb1 Ba8 18.Bxc7 Nc6 19.c4 d5 20.a5 dxc4 21.dxc4 Rc8 22.Bb6 g5
23.a6 Kf7 24.a7 e5 25.f3 h5 26.Bc5 Nd7 27.Bd6 Ke6 28.c5 g4 29.Kf2 gxf3 30.exf3 e4
31.Ra6 Kd5 32.Rd1+ Kc4 33.Raa1 Nb4 34.Rac1+ Kb5 35.Ke3 exf3 36.c6 Nxc6 37.Bf4 Nb6
38.Rb1+ Nb4 39.Bd6 Nc4+ 40.Kf4 f2 41.Rd2 Ka5 42.Kg5 f4 43.Rxf2 Rg8+ 44.Kxh5 f3
45.g4 Be4 46.Rb3 Nd5 47.Rbxf3 Kb6 48.Rf5 Nc7 49.g5 Kxa7 50.h4 Kb6 51.g6 Kc6
52.Kg5 Kxd6  1/2-1/2

[Event "7th Tal Mem Blitz"]
[Site "Moscow RUS"]
[Date "2012.06.07"]
[Round "3"]
[White "Nakamura,Hi"]
[Black "Grischuk,A"]
[Result "0-1"]
[WhiteElo "2775"]
[BlackElo "2761"]

1.b3 c5 2.Bb2 Nc6 3.e4 Nf6 4.e5 Nd5 5.Nf3 g6 6.Bc4 Nb6 7.Bb5 Bg7 8.Bxc6 bxc6
9.O-O O-O 10.Re1 d6 11.h3 a5 12.c4 Re8 13.a4 Bf5 14.d4 dxe5 15.Nxe5 cxd4
16.Qxd4 Nd7 17.Qe3 Nxe5 18.Bxe5 Bxe5 19.Qxe5 Rb8 20.Ra3 Qd6 21.Qb2 Qb4 22.Nd2 Red8
23.Nf3 Rd3 24.Qa1 Rbd8 25.Ne5 R3d6 26.Kh2 Re6 27.Re3 Rd2 28.Ra2 Qd6 29.f4 f6  0-1

[Event "7th Tal Mem Blitz"]
[Site "Moscow RUS"]
[Date "2012.06.07"]
[Round "4"]
[White "Tomashevsky,E"]
[Black "Nakamura,Hi"]
[Result "1/2-1/2"]
[WhiteElo "2738"]
[BlackElo "2775"]

1.c4 f5 2.Nc3 Nf6 3.d4 d6 4.Bg5 Nbd7 5.g3 g6 6.Bg2 Bg7 7.Nh3 e5 8.dxe5 dxe5
9.e4 O-O 10.exf5 gxf5 11.O-O h6 12.Be3 c6 13.f3 Nb6 14.Qe2 Be6 15.b3 Qe7
16.Nf2 Nfd7 17.Rad1 a5 18.Qc2 a4 19.f4 e4 20.Ne2 axb3 21.axb3 Ra3 22.Nd4 Bxc4
23.bxc4 Rxe3 24.Bh3 Bxd4 25.Rxd4 Nc5 26.Rfd1 Rb3 27.Rd6 Qg7 28.Qe2 Nc8 29.Rd8 Ne7
30.Rxf8+ Qxf8 31.Rd6 e3 32.Nd1 Ne4 33.Rd3 Rb1 34.Qxe3 Qf7 35.Bf1 Kh7 36.Nf2 Qxc4
37.Rd1 Qc2 38.Rd7 Qc5 39.Rxe7+ Kg6 40.Kg2 Kf6 41.Re8 Rb2 42.Kg1 Rb1 43.Kg2 Rb2  1/2-1/2

[Event "7th Tal Mem Blitz"]
[Site "Moscow RUS"]
[Date "2012.06.07"]
[Round "5"]
[White "Nakamura,Hi"]
[Black "Carlsen,M"]
[Result "1/2-1/2"]
[WhiteElo "2775"]
[BlackElo "2835"]

1.c4 c5 2.Nf3 Nc6 3.g3 g6 4.Bg2 Bg7 5.O-O d6 6.Nc3 Qd7 7.e3 Bxc3 8.bxc3 f5
9.d3 Nf6 10.Nd2 b6 11.f4 Bb7 12.e4 O-O-O 13.Re1 fxe4 14.Nxe4 Nxe4 15.Bxe4 Rhe8
16.Qf3 e6 17.Qf2 d5 18.cxd5 exd5 19.Bg2 Rxe1+ 20.Qxe1 d4 21.Qf1 Ne7 22.c4 Nf5
23.Bd2 Re8 24.Re1 Rxe1 25.Qxe1 Bxg2 26.Kxg2 Kb7 27.Kf2 h5 28.Qd1 Ka6 29.a4 Qe8
30.Qb3 Qe6 31.a5 Ne3 32.Bxe3 Qxe3+ 33.Kf1 Qf3+ 34.Kg1 Qe3+ 35.Kf1 Kb7 36.axb6 axb6
37.Qd1 Kc6 38.Kg2 b5 39.Qa4 Kb6 40.Qb3 Kc6 41.Qc2 Kd6 42.Kh3 Qe6+ 43.Kg2 Qe3
44.Kh3 Qe6+ 45.Kg2  1/2-1/2

[Event "7th Tal Mem Blitz"]
[Site "Moscow RUS"]
[Date "2012.06.07"]
[Round "6"]
[White "Aronian,L"]
[Black "Nakamura,Hi"]
[Result "1/2-1/2"]
[WhiteElo "2825"]
[BlackElo "2775"]

1.d4 f5 2.Nf3 Nf6 3.g3 g6 4.Bg2 Bg7 5.O-O O-O 6.c4 d6 7.Nc3 c6 8.b3 Qc7 9.Ba3 Re8
10.Qc1 a5 11.Rd1 Na6 12.Ne1 Nb4 13.Nc2 Nxc2 14.Qxc2 e5 15.dxe5 dxe5 16.Bd6 Qf7
17.Na4 Nd7 18.e4 f4 19.c5 Bf8 20.f3 Kg7 21.Qc3 fxg3 22.hxg3 Qf6 23.Rac1 h5
24.f4 exf4 25.gxf4 Qxc3 26.Rxc3 Nf6 27.Nb6 Bg4 28.Rd4 Rad8 29.e5 Ng8 30.Rcd3 Kf7
31.Bxf8 Rxd4 32.Rxd4 Rxf8 33.Nc4 Ne7 34.Nxa5 Ra8 35.b4 Be6 36.a3 Bd5 37.Bh3 Nf5
38.Rd3 Ke6 39.Nxb7 g5 40.Nd6 g4 41.Bf1 h4 42.b5 h3 43.Rxh3 gxh3 44.Bxh3 cxb5
45.Bxf5+ Ke7 46.Nxb5 Bc4 47.Nd6 Bd5 48.Bg6 Rxa3 49.f5 Rc3 50.f6+ Kf8 51.Be4 Rxc5
52.Bxd5 Rxd5 53.Ne4 Rxe5 54.Ng3 Kf7 55.Kf2 Kxf6 56.Kf3 Ra5 57.Ne4+ Ke5 58.Nf2 Ra4
59.Kg3 Kf5 60.Kf3 Ra3+ 61.Ke2 Kf4 62.Nd3+ Ke4 63.Nf2+ Kd4 64.Ng4 Rg3 65.Nf2 Re3+
66.Kf1 Re8 67.Kg2 Rf8 68.Kg3 Kd5 69.Ng4 Ke4 70.Nf2+ Rxf2 71.Kxf2 Ke5  1/2-1/2